00532nam a22001695i 450000100060000000300090000600500170001500700030003200800410003504000200007610000320009624500730012825000560020126000570025730000270031485200210034148419ES-MaACL20251005063041.0t|950718s1875 fr ||||1| fre d aCAM bspa cCAM1 aDebay, Auguste, d1802-189010aHygiène médicale des cheveux et de la barbe... / cpar A. Debay. a5e éd. baugmentée d'importantes découvertes. aParis : bE. Dentu, c1875 (ftyp. S. Lejay et Cie.) a[4], 337 p. ; c19 cm. aES-MaACLjD-3755